[Event "Landesliga Sued 0405"]
[Site "Bayern"]
[Date "2004.10.24"]
[Round "1.2"]
[White "Taggatz, Mario"]
[Black "Kuehn, Manfred"]
[Result "1-0"]
[WhiteElo "2216"]
[BlackElo "2167"]
[PlyCount "63"]
[EventDate "2004.10.24"]
[EventType "team-tourn"]
[EventRounds "9"]
[EventCountry "GER"]
[SourceTitle "EXT 2007"]
[Source "ChessBase"]
[SourceDate "2006.11.23"]
[SourceVersion "1"]
[SourceVersionDate "2006.11.23"]
[SourceQuality "1"]
[WhiteTeam "Groebenzell"]
[BlackTeam "Muenchen Schwabing/Nord"]
[WhiteTeamCountry "GER"]
[BlackTeamCountry "GER"]

1. Nf3 e6 2. c4 Nf6 3. Nc3 c5 4. g3 b6 5. Bg2 Bb7 6. 0-0 Be7 7. Re1 d6 8. e4 a6 9. d4 cxd4 10. Nxd4 Qc7 11. b3 0-0 12. Bb2 Nfd7 13. Rc1 Bf6 14. Rc2 Rd8 15. Nd5 exd5 16. cxd5 Nc5 17. b4 Nbd7 18. bxc5 Nxc5 19. Nc6 Bxc6 20. Bxf6 gxf6 21. dxc6 Re8 22. Qg4+ Kf8 23. Qh4 Re6 24. Bh3 Re5 25. Qxf6 Rae8 26. Qh8+ Ke7 27. Qxh7 Qxc6 28. Bf5 Qa4 29. Rec1 Qd4 30. Qh4+ Kf8 31. Qh6+ Ke7 32. Rd2 1-0

[Event "Regionalliga SW 0304"]
[Site "Bayern"]
[Date "2004.04.25"]
[Round "9.2"]
[White "Kuehn, Manfred"]
[Black "Hoy, Bernd"]
[Result "1/2-1/2"]
[WhiteElo "2180"]
[BlackElo "2186"]
[PlyCount "46"]
[EventDate "2003.10.??"]
[EventType "team"]
[EventRounds "9"]
[EventCountry "GER"]
[SourceTitle "EXT 2006"]
[Source "ChessBase"]
[SourceDate "2005.11.24"]
[SourceVersion "1"]
[SourceVersionDate "2005.11.24"]
[SourceQuality "1"]
[WhiteTeam "Muenchen 77 Nord"]
[BlackTeam "Klosterlechfeld"]
[WhiteTeamCountry "GER"]
[BlackTeamCountry "GER"]

1. e4 e6 2. d4 d5 3. Nc3 Bb4 4. e5 c5 5. a3 Bxc3+ 6. bxc3 Qc7 7. Nf3 Ne7 8. a4 b6 9. Bb5+ Bd7 10. Bd3 Nbc6 11. 0-0 h6 12. Re1 cxd4 13. Nxd4 Nxd4 14. cxd4 Qc3 15. Ba3 Qxd4 16. Qf3 Rc8 17. Qg3 g5 18. Qf3 Qf4 19. Qe2 Nf5 20. g3 Qd4 21. Qh5 Ng7 22. Qf3 Nf5 23. Qh5 Ng7 1/2-1/2

[Event "Regionalliga SW 0304"]
[Site "Bayern"]
[Date "2004.03.07"]
[Round "7.2"]
[White "Kuehn, Manfred"]
[Black "Otte, Marco"]
[Result "1-0"]
[WhiteElo "2180"]
[BlackElo "2114"]
[PlyCount "119"]
[EventDate "2003.10.??"]
[EventType "team"]
[EventRounds "9"]
[EventCountry "GER"]
[SourceTitle "EXT 2006"]
[Source "ChessBase"]
[SourceDate "2005.11.24"]
[SourceVersion "1"]
[SourceVersionDate "2005.11.24"]
[SourceQuality "1"]
[WhiteTeam "Muenchen 77 Nord"]
[BlackTeam "Muenchen Tarrasch II"]
[WhiteTeamCountry "GER"]
[BlackTeamCountry "GER"]

1. e4 e5 2. Nc3 Bc5 3. Nf3 d6 4. Na4 Bb6 5. Nxb6 axb6 6. d4 exd4 7. Nxd4 Nf6 8. Bb5+ c6 9. Bd3 0-0 10. 0-0 Nbd7 11. Bg5 Nc5 12. Qf3 Ne6 13. Bxf6 Qxf6 14. Qxf6 gxf6 15. Nf5 Rd8 16. Rfd1 Nc5 17. Ne3 Be6 18. a3 b5 19. f3 Na4 20. Rab1 b4 21. axb4 Ba2 22. Ra1 Nxb2 23. Re1 b5 24. Kf2 Ra4 25. Nf5 Kf8 26. Bf1 d5 27. Nd4 dxe4 28. Nxc6 Rd2+ 29. Kg3 exf3 30. gxf3 Bd5 31. Bxb5 Bxc6 32. Bxc6 Rxb4 33. Be4 Kg7 34. Rg1 Nc4 35. Ra6 Nd6 36. Bd3 Rd4 37. Kh3+ Kf8 38. Bxh7 f5 39. Ra7 Rxh2+ 40. Kxh2 Rh4+ 41. Kg3 Rxh7 42. Rd1 Rh6 43. Kf4 Re6 44. Rc7 Ne8 45. Rc5 Ng7 46. Rd7 Re8 47. Ra5 Rc8 48. Raa7 Ne8 49. Rxf7+ Kg8 50. Rfe7 Kf8 51. Rf7+ Kg8 52. Rxf5 Rxc2 53. Ra8 Re2 54. Re5 Rxe5 55. Kxe5 Kf7 56. f4 Ke7 57. Ra7+ Kf8 58. f5 Ng7 59. f6 Nh5 60. Rh7 1-0

[Event "Regionalliga SW 0304"]
[Site "Bayern"]
[Date "2003.11.02"]
[Round "2.2"]
[White "Kuehn, Manfred"]
[Black "Kraetschmer, Kai"]
[Result "0-1"]
[WhiteElo "2180"]
[BlackElo "2004"]
[PlyCount "106"]
[EventDate "2003.10.??"]
[EventType "team"]
[EventRounds "9"]
[EventCountry "GER"]
[SourceTitle "EXT 2006"]
[Source "ChessBase"]
[SourceDate "2005.11.24"]
[SourceVersion "1"]
[SourceVersionDate "2005.11.24"]
[SourceQuality "1"]
[WhiteTeam "Muenchen 77 Nord"]
[BlackTeam "Burlafingen"]
[WhiteTeamCountry "GER"]
[BlackTeamCountry "GER"]

1. e4 e6 2. d4 d5 3. Nc3 dxe4 4. Nxe4 Bd7 5. Nf3 Bc6 6. Bd3 Nd7 7. 0-0 Ngf6 8. Ng3 Be7 9. b3 0-0 10. Bb2 Re8 11. c4 Bxf3 12. Qxf3 c6 13. Rad1 Qa5 14. Bb1 Rab8 15. h4 b5 16. Bc3 Qc7 17. h5 bxc4 18. bxc4 Nb6 19. h6 Nxc4 20. hxg7 Nb6 21. d5 Nbxd5 22. Rxd5 Rxb1 23. Rxb1 Nxd5 24. Ba1 Rb8 25. Rd1 Rb4 26. Nh5 Qb8 27. g3 Rb1 28. Kg2 c5 29. Be5 Qb7 30. Rd2 f6 31. Bf4 Re1 32. Bh6 Qb5 33. Kh2 c4 34. Nf4 c3 35. Nxd5 exd5 36. Rxd5 Qe2 37. Rd8+ Bxd8 38. Qd5+ Qe6 39. Qxd8+ Qe8 40. Qd5+ Re6 41. Qc4 Qc6 42. Qb3 f5 43. a4 c2 44. a5 a6 45. f3 Qe8 46. Kg2 Qf7 47. Qb8+ Re8 48. Qb2 Qc4 49. Qf6 Qe2+ 50. Kh3 Qf1+ 51. Kh4 Qh1+ 52. Kg5 c1Q+ 53. f4 Qc5 0-1

[Event "Regionalliga SW 0203"]
[Site "Bayern"]
[Date "2003.01.26"]
[Round "5.1"]
[White "Kuehn, Manfred"]
[Black "Hoy, Ralph"]
[Result "1/2-1/2"]
[WhiteElo "2174"]
[BlackElo "2086"]
[PlyCount "74"]
[EventDate "2002.10.20"]
[EventType "team"]
[EventRounds "9"]
[EventCountry "GER"]
[SourceTitle "EXT 2004"]
[Source "ChessBase"]
[SourceDate "2003.11.25"]
[SourceVersion "1"]
[SourceVersionDate "2003.11.25"]
[SourceQuality "1"]
[WhiteTeam "Muenchen 77 Nord"]
[BlackTeam "Klosterlechfeld"]
[WhiteTeamCountry "GER"]
[BlackTeamCountry "GER"]

1. e4 e5 2. Nc3 Nc6 3. Bc4 Nf6 4. d3 Be7 5. Nge2 Na5 6. 0-0 Nxc4 7. dxc4 d6 8. f4 exf4 9. Bxf4 Be6 10. b3 0-0 11. Qd2 Qd7 12. Rad1 Rfe8 13. Ng3 Bg4 14. Rde1 c6 15. h3 Be6 16. Rd1 Rad8 17. Qf2 Qc8 18. Kh2 b6 19. Qf3 Rd7 20. Rd2 Red8 21. Rfd1 Ne8 22. Nf5 Bxf5 23. exf5 Bf6 24. Ne4 d5 25. Nxf6+ Nxf6 26. Be5 dxc4 27. Qg3 Nh5 28. Rxd7 Rxd7 29. Qg4 Rxd1 30. Qxd1 f6 31. Bd6 cxb3 32. axb3 g6 33. Qf3 Kf7 34. Qe4 Qd7 35. Qc4+ Kg7 36. Bb8 Qc8 37. Bd6 Qd7 1/2-1/2

[Event "Regionalliga SW 0203"]
[Site "Bayern"]
[Date "2002.10.20"]
[Round "1.1"]
[White "Kraemer, Stefan"]
[Black "Kuehn, Manfred"]
[Result "0-1"]
[WhiteElo "2113"]
[BlackElo "2204"]
[PlyCount "122"]
[EventDate "2002.10.20"]
[EventType "team"]
[EventRounds "9"]
[EventCountry "GER"]
[SourceTitle "EXT 2004"]
[Source "ChessBase"]
[SourceDate "2003.11.25"]
[SourceVersion "1"]
[SourceVersionDate "2003.11.25"]
[SourceQuality "1"]
[WhiteTeam "Muenchen RTA"]
[BlackTeam "Muenchen 77 Nord"]
[WhiteTeamCountry "GER"]
[BlackTeamCountry "GER"]

1. e4 c5 2. Nf3 e6 3. d4 cxd4 4. Nxd4 Nc6 5. Nc3 a6 6. Nxc6 bxc6 7. Bd3 d5 8. 0-0 Nf6 9. Re1 d4 10. Nb1 e5 11. Nd2 Qc7 12. Nc4 Be7 13. Qf3 0-0 14. Qg3 Re8 15. Bd2 Bc5 16. Rac1 Nh5 17. Qg5 g6 18. c3 f6 19. Qh4 dxc3 20. Rxc3 Bb4 21. Rc2 Bxd2 22. Nxd2 Nf4 23. Bc4+ Kg7 24. Nb3 Rd8 25. Qg3 a5 26. Qe3 a4 27. Nc5 Rd4 28. g3 Nh3+ 29. Kg2 Qe7 30. b4 axb3 31. Nxb3 Ra3 32. Qe2 Rd8 33. Rd1 Rxd1 34. Qxd1 Ng5 35. f3 Bh3+ 36. Kh1 Qb4 37. Bf1 Be6 38. Rxc6 Bxb3 39. axb3 Qxb3 40. Rc7+ Kh6 41. Qxb3 Rxb3 42. Rc6 Rb1 43. h4 Nxf3 44. Rxf6 Nd2 45. Kg2 Nxe4 46. Rf3 Rb2+ 47. Kg1 Nd2 48. Rf2 e4 49. Bg2 Rb1+ 50. Kh2 e3 51. Re2 Rb3 52. g4 g5 53. hxg5+ Kxg5 54. Kg3 h6 55. Bd5 Rb4 56. Be6 Rf4 57. Kg2 Re4 58. Bf5 Re7 59. Kg3 h5 60. Re1 h4+ 61. Kh3 Nf3 0-1

[Event "Regionalliga SW 0001"]
[Site "Bayern"]
[Date "2000.11.12"]
[Round "2.1"]
[White "Zahn, Wolfgang"]
[Black "Kuehn, Manfred"]
[Result "0-1"]
[WhiteElo "2230"]
[BlackElo "2050"]
[PlyCount "60"]
[EventDate "2000.10.15"]
[EventType "team-tourn"]
[EventRounds "9"]
[EventCountry "GER"]
[SourceTitle "EXT 2020"]
[Source "ChessBase"]
[SourceDate "2019.10.17"]
[SourceVersion "1"]
[SourceVersionDate "2019.10.17"]
[SourceQuality "1"]
[WhiteTeam "Pasing II"]
[BlackTeam "Muenchen 77 Nord"]
[WhiteTeamCountry "GER"]
[BlackTeamCountry "GER"]

1. e4 c5 2. Nf3 e6 3. d4 cxd4 4. Nxd4 a6 5. c4 Qc7 6. Bd3 Nf6 7. 0-0 Bd6 8. Kh1 h5 9. f4 Bc5 10. Nb3 Ba7 11. Nc3 Ng4 12. Qe2 Nc6 13. e5 Kf8 14. Ne4 a5 15. a4 Nd4 16. Nxd4 Bxd4 17. Ra2 b6 18. b3 Bb7 19. Nd6 Bc6 20. Be4 Rd8 21. Qf3 f5 22. Bxc6 dxc6 23. Ba3 Kg8 24. Rd1 c5 25. Rxd4 cxd4 26. Rd2 Qe7 27. Kg1 Nxh2 28. Qh3 Ng4 29. Rxd4 Rd7 30. Nb5 Rxd4 0-1

[Event "Passau op 8th"]
[Site "Passau"]
[Date "2000.04.23"]
[Round "6"]
[White "Kuehn, Manfred"]
[Black "Hermann, Arnd"]
[Result "1-0"]
[WhiteElo "2268"]
[BlackElo "2124"]
[PlyCount "61"]
[EventDate "2000.04.21"]
[EventType "swiss"]
[EventRounds "7"]
[EventCountry "GER"]
[SourceTitle "CBM 076 Extra"]
[Source "ChessBase"]
[SourceDate "2000.07.11"]
[SourceVersion "1"]
[SourceVersionDate "2000.07.11"]
[SourceQuality "1"]

1. e4 c6 2. d4 g6 3. Nc3 Bg7 4. Nf3 d5 5. h3 Nf6 6. Bd3 0-0 7. 0-0 Qc7 8. Qe2 dxe4 9. Nxe4 Nxe4 10. Bxe4 Nd7 11. Re1 e5 12. dxe5 Nxe5 13. Bf4 Nxf3+ 14. Qxf3 Qa5 15. Bd6 Bxb2 16. Rad1 Re8 17. c3 Qxc3 18. Re3 Qf6 19. Bxg6 Rxe3 20. Qxe3 Be6 21. Bc2 Bd5 22. Bg3 b5 23. Rb1 Bd4 24. Qd3 Qg7 25. Re1 c5 26. Re7 Rd8 27. Kh2 c4 28. Qf5 Bc5 29. Re5 Be6 30. Qh5 Bd6 31. Rg5 1-0

[Event "Passau op 5th"]
[Site "Passau"]
[Date "1997.??.??"]
[Round "1"]
[White "Kuehn, Manfred"]
[Black "Lautner, Juergen"]
[Result "1/2-1/2"]
[WhiteElo "2155"]
[BlackElo "1855"]
[PlyCount "82"]
[EventDate "1997.05.??"]
[EventType "swiss"]
[EventRounds "7"]
[EventCountry "GER"]
[SourceTitle "EXT 2001"]
[Source "ChessBase"]
[SourceDate "2000.11.22"]
[SourceVersion "1"]
[SourceVersionDate "2000.11.22"]
[SourceQuality "1"]

1. e4 c5 2. Nf3 Nc6 3. Bb5 g6 4. 0-0 Bg7 5. Bxc6 bxc6 6. Re1 Nf6 7. c3 0-0 8. d4 cxd4 9. cxd4 d5 10. e5 Ne4 11. Nbd2 Bf5 12. Nh4 e6 13. Nxf5 exf5 14. f3 Ng5 15. Nb3 Ne6 16. Be3 Qb6 17. Rc1 a5 18. Re2 Rfc8 19. Nc5 Nxc5 20. Rxc5 Bf8 21. Rc1 Rab8 22. Kh1 Qb5 23. Qe1 c5 24. dxc5 Rc6 25. Rd1 Bxc5 26. Rxd5 Qb6 27. Rxc5 Rxc5 28. h3 Qc6 29. Bxc5 Qxc5 30. b3 Rc8 31. Kh2 Qc3 32. Qxc3 Rxc3 33. Rd2 Rc5 34. f4 Kf8 35. Rd7 Rc2 36. a4 Rb2 37. Rb7 h6 38. Kg3 Kg8 39. Kf3 Rc2 40. Ke3 Rxg2 41. Rb8+ Kg7 1/2-1/2

[Event "Passau op 5th"]
[Site "Passau"]
[Date "1997.??.??"]
[Round "6"]
[White "Stock, Juergen"]
[Black "Kuehn, Manfred"]
[Result "0-1"]
[WhiteElo "2045"]
[BlackElo "2250"]
[PlyCount "36"]
[EventDate "1997.05.??"]
[EventType "swiss"]
[EventRounds "7"]
[EventCountry "GER"]
[SourceTitle "EXT 2001"]
[Source "ChessBase"]
[SourceDate "2000.11.22"]
[SourceVersion "1"]
[SourceVersionDate "2000.11.22"]
[SourceQuality "1"]

1. d4 Nf6 2. c3 e6 3. Bg5 Be7 4. Nd2 0-0 5. e3 d6 6. f4 c5 7. Bd3 Nc6 8. Ngf3 e5 9. fxe5 dxe5 10. Ne4 exd4 11. Nxf6+ Bxf6 12. Bxf6 Qxf6 13. 0-0 dxc3 14. bxc3 Qh6 15. Re1 Bg4 16. Qb3 Bxf3 17. gxf3 Rad8 18. Rad1 Rxd3 0-1

[Event "Passau op 5th"]
[Site "Passau"]
[Date "1997.??.??"]
[Round "4"]
[White "Stripunsky, Alexander"]
[Black "Kuehn, Manfred"]
[Result "1-0"]
[WhiteElo "2455"]
[BlackElo "2250"]
[PlyCount "85"]
[EventDate "1997.05.??"]
[EventType "swiss"]
[EventRounds "7"]
[EventCountry "GER"]
[SourceTitle "EXT 2001"]
[Source "ChessBase"]
[SourceDate "2000.11.22"]
[SourceVersion "1"]
[SourceVersionDate "2000.11.22"]
[SourceQuality "1"]

1. e4 e6 2. d4 d5 3. e5 c5 4. Nf3 cxd4 5. Bd3 Nc6 6. 0-0 f6 7. Bb5 Bd7 8. Nxd4 Nxd4 9. Bxd7+ Qxd7 10. Qxd4 fxe5 11. Qxe5 Bd6 12. Qh5+ Qf7 13. Qxf7+ Kxf7 14. Nd2 Rc8 15. c3 Nf6 16. Nb3 b5 17. Bd2 Rc4 18. Rfe1 Rb8 19. a3 Ra4 20. f3 a5 21. Nd4 Bc5 22. Be3 b4 23. Nxe6 Bxe3+ 24. Rxe3 bxc3 25. bxc3 Rb3 26. Nc5 Rbxa3 27. Rae1 Rc4 28. Re7+ Kg6 29. Ne6 Raxc3 30. Rxg7+ Kh6 31. g4 Rxf3 32. g5+ Kh5 33. gxf6 Rxf6 34. Rg5+ Kh6 35. Rxd5 Rg4+ 36. Kh1 a4 37. Rd3 Kg6 38. Nc5 Rf5 39. Nd7 Kg5 40. Ne5 Rb4 41. Rg1+ Kf6 42. Ng4+ Ke7 43. Ne3 1-0

[Event "Regionalliga SW 9697"]
[Site "Bayern"]
[Date "1996.??.??"]
[Round "?"]
[White "Otte, Lars"]
[Black "Kuehn, Manfred"]
[Result "1/2-1/2"]
[WhiteElo "2100"]
[BlackElo "2160"]
[PlyCount "136"]
[EventDate "1996.10.??"]
[EventType "team-tourn"]
[EventRounds "9"]
[EventCountry "GER"]
[SourceTitle "EXT 1999"]
[Source "ChessBase"]
[SourceDate "1998.11.16"]
[SourceVersion "1"]
[SourceVersionDate "1998.11.16"]
[SourceQuality "1"]
[WhiteTeam "Muenchen 36 II"]
[BlackTeam "Garching"]
[WhiteTeamCountry "GER"]
[BlackTeamCountry "GER"]

1. Nf3 Nf6 2. g3 d6 3. Bg2 e5 4. d3 Be7 5. 0-0 0-0 6. e4 Nc6 7. Re1 Ne8 8. c3 Bg4 9. h3 Bxf3 10. Qxf3 Bg5 11. Na3 g6 12. Nc4 Bxc1 13. Raxc1 Ng7 14. Ne3 Kh8 15. Nd5 f5 16. exf5 Nxf5 17. Qe2 Rf7 18. b4 Qg5 19. b5 Nd8 20. Ne3 Ne7 21. h4 Qh6 22. a4 Ne6 23. Bxb7 Raf8 24. Ng4 Qh5 25. Rc2 Kg7 26. Bh1 Nf5 27. Ne3 Nxe3 28. Qxe3 g5 29. Bd5 Rf3 30. Bxf3 Rxf3 31. Qe4 Nc5 32. Qc6 Rf7 33. Qh1 Nxd3 34. Rf1 g4 35. Qa8 Qg6 36. Re2 Qe6 37. Qxa7 Nc5 38. Qa8 Qc4 39. Rc2 Qd3 40. Rcc1 Ne4 41. Rcd1 Qc2 42. Rc1 Qd3 43. Rcd1 Nd2 44. Rxd2 Qxd2 45. Qe4 h5 46. Qe3 Qa2 47. Qg5+ Kf8 48. Qxh5 Qxa4 49. Qg5 Qxb5 50. Ra1 Qb7 51. Qxg4 Rxf2 52. Kxf2 Qb2+ 53. Kf3 Qxc3+ 54. Kg2 Qxa1 55. Qc8+ Ke7 56. Qxc7+ Ke6 57. h5 Qd4 58. Qc8+ Kf6 59. Qd8+ Kf5 60. Qd7+ Kg5 61. Qh7 Qd5+ 62. Kh2 Qa2+ 63. Kh3 Qe6+ 64. Kg2 e4 65. h6 Kh5 66. Qg7 Qb3 67. h7 Qf3+ 68. Kh2 Qf2+ 1/2-1/2

[Event "Regionalliga SW 9596"]
[Site "Bayern"]
[Date "1995.??.??"]
[Round "?"]
[White "Maugg, Ludwig"]
[Black "Kuehn, Manfred"]
[Result "1/2-1/2"]
[WhiteElo "2195"]
[BlackElo "2280"]
[PlyCount "90"]
[EventDate "1995.10.??"]
[EventType "team-tourn"]
[EventRounds "9"]
[EventCountry "GER"]
[SourceTitle "EXT 1999"]
[Source "ChessBase"]
[SourceDate "1998.11.16"]
[SourceVersion "1"]
[SourceVersionDate "1998.11.16"]
[SourceQuality "1"]
[WhiteTeam "Sonthofen"]
[BlackTeam "Garching"]
[WhiteTeamCountry "GER"]
[BlackTeamCountry "GER"]

1. d4 e6 2. e4 d5 3. Nd2 Be7 4. Ngf3 Nf6 5. e5 Nfd7 6. Bd3 c5 7. c3 Nc6 8. 0-0 a5 9. a4 cxd4 10. cxd4 Nb4 11. Bb1 b6 12. Re1 Ba6 13. Nf1 Rc8 14. Bf4 Rc6 15. h3 Nf8 16. Ra3 Ng6 17. Bd2 0-0 18. Rc3 Qd7 19. Rxc6 Nxc6 20. h4 Rc8 21. h5 Nf8 22. h6 g6 23. Ne3 Qd8 24. Ng4 Nd7 25. Re3 b5 26. axb5 Bxb5 27. Rc3 Qb6 28. Be3 Rb8 29. Bc1 Bb4 30. Re3 Rc8 31. b3 Ra8 32. Bb2 a4 33. bxa4 Bxa4 34. Bc2 Bb5 35. Bb3 Be7 36. Kh2 Na5 37. Qd2 Nc4 38. Bxc4 Bxc4 39. Bc3 Ra2 40. Qe1 Qb5 41. Kg3 Be2 42. Bd2 Bd3 43. Qc1 Bc4 44. Rc3 Qb2 45. Qxb2 Rxb2 1/2-1/2

[Event "Oberliga Bayern 9394"]
[Site "Bayern"]
[Date "1994.04.17"]
[Round "8.6"]
[White "Reichel, Norbert1111"]
[Black "Kuehn, Manfred"]
[Result "0-1"]
[WhiteElo "1940"]
[BlackElo "2095"]
[PlyCount "50"]
[EventDate "1993.10.10"]
[EventType "team-tourn"]
[EventRounds "9"]
[EventCountry "GER"]
[SourceTitle "EXT 2020"]
[Source "ChessBase"]
[SourceDate "2019.10.17"]
[SourceVersion "1"]
[SourceVersionDate "2019.10.17"]
[SourceQuality "1"]
[WhiteTeam "Nuernberg Grundig SC"]
[BlackTeam "Milbertshofen (SG Schwabing)"]
[WhiteTeamCountry "GER"]
[BlackTeamCountry "GER"]

1. e4 e6 2. d4 d5 3. Nc3 Nf6 4. Bg5 Be7 5. e5 Nfd7 6. h4 0-0 7. Bd3 f5 8. Bxe7 Qxe7 9. Nce2 c5 10. c3 Nc6 11. f4 cxd4 12. cxd4 Nxd4 13. Nxd4 Qb4+ 14. Qd2 Qxd4 15. Nf3 Qb6 16. 0-0-0 Nc5 17. Ng5 Bd7 18. g4 Ba4 19. Bc2 Rac8 20. b3 Nxb3+ 21. axb3 Bxb3 22. Qd4 Rxc2+ 23. Kb1 Qa6 24. Qa1 Qb5 25. Qd4 Ba4+ 0-1

[Event "Oberliga Bayern 9394"]
[Site "Bayern"]
[Date "1994.03.20"]
[Round "7.6"]
[White "Kuehn, Manfred"]
[Black "Giessmann, Stephan"]
[Result "1-0"]
[WhiteElo "2095"]
[BlackElo "2135"]
[PlyCount "93"]
[EventDate "1993.10.10"]
[EventType "team-tourn"]
[EventRounds "9"]
[EventCountry "GER"]
[SourceTitle "EXT 2020"]
[Source "ChessBase"]
[SourceDate "2019.10.17"]
[SourceVersion "1"]
[SourceVersionDate "2019.10.17"]
[SourceQuality "1"]
[WhiteTeam "Milbertshofen (SG Schwabing)"]
[BlackTeam "Kelheim SC"]
[WhiteTeamCountry "GER"]
[BlackTeamCountry "GER"]

1. e4 e6 2. d4 d5 3. e5 c5 4. Nf3 cxd4 5. Bd3 Nc6 6. 0-0 f6 7. Qe2 fxe5 8. Nxe5 Nf6 9. Bf4 Bd6 10. Nd2 0-0 11. Bg3 Nb4 12. Nb3 Nxd3 13. cxd3 Bxe5 14. Bxe5 Bd7 15. Rac1 Rc8 16. Rxc8 Bxc8 17. Rc1 Nd7 18. Nxd4 Nxe5 19. Qxe5 Qf6 20. Qxf6 gxf6 21. Rc7 a6 22. Nb3 e5 23. d4 Bf5 24. f4 exd4 25. Nxd4 Rc8 26. Rxb7 Be4 27. Kf2 Rc4 28. Ke3 Bxg2 29. Ra7 Ra4 30. a3 Be4 31. Ne6 Bf5 32. Nd4 Bg4 33. Rc7 Ra5 34. Kd3 Ra4 35. Rc5 Bh5 36. Rxd5 Bf7 37. Rc5 Kg7 38. Kc3 Kg6 39. f5+ Kg5 40. Rc7 Bd5 41. Rd7 Be4 42. Rxh7 Bxf5 43. h4+ Kg6 44. Rc7 Bg4 45. Rc6 Kf7 46. Rc5 Kg6 47. b3 1-0

[Event "Oberliga Bayern 9394"]
[Site "Bayern"]
[Date "1993.12.05"]
[Round "3.7"]
[White "Bauer, Andreas"]
[Black "Kuehn, Manfred"]
[Result "1/2-1/2"]
[WhiteElo "2120"]
[BlackElo "2095"]
[PlyCount "70"]
[EventDate "1993.10.10"]
[EventType "team-tourn"]
[EventRounds "9"]
[EventCountry "GER"]
[SourceTitle "EXT 2020"]
[Source "ChessBase"]
[SourceDate "2019.10.17"]
[SourceVersion "1"]
[SourceVersionDate "2019.10.17"]
[SourceQuality "1"]
[WhiteTeam "Regensburg DJK"]
[BlackTeam "Milbertshofen (SG Schwabing)"]
[WhiteTeamCountry "GER"]
[BlackTeamCountry "GER"]

1. e4 e6 2. d4 d5 3. Nd2 Nf6 4. e5 Nfd7 5. f4 c5 6. c3 Nc6 7. Ndf3 Qb6 8. g3 Be7 9. Kf2 cxd4 10. cxd4 0-0 11. Kg2 f6 12. Bd3 Nxd4 13. Nxd4 fxe5 14. fxe5 Nxe5 15. Ngf3 Nxf3 16. Nxf3 e5 17. Rf1 e4 18. Ng5 Bxg5 19. Rxf8+ Kxf8 20. Bxg5 exd3 21. Qf3+ Kg8 22. Rf1 Be6 23. Be7 h6 24. Ba3 d4 25. Qxd3 Bd5+ 26. Kg1 Re8 27. Rd1 Re4 28. b3 Qe6 29. Rf1 Re1 30. Qxd4 Rxf1+ 31. Kxf1 Qh3+ 32. Ke1 Qg2 33. Qf2 Qh1+ 34. Kd2 Qb1 35. Qd4 Qe4 1/2-1/2

[Event "Oberliga Bayern 9394"]
[Site "Bayern"]
[Date "1993.11.07"]
[Round "2.7"]
[White "Kuehn, Manfred"]
[Black "Gross, David"]
[Result "1-0"]
[WhiteElo "2095"]
[BlackElo "2270"]
[PlyCount "47"]
[EventDate "1993.10.10"]
[EventType "team-tourn"]
[EventRounds "9"]
[EventCountry "GER"]
[SourceTitle "EXT 2020"]
[Source "ChessBase"]
[SourceDate "2019.10.17"]
[SourceVersion "1"]
[SourceVersionDate "2019.10.17"]
[SourceQuality "1"]
[WhiteTeam "Milbertshofen (SG Schwabing)"]
[BlackTeam "Regensburg Fortuna"]
[WhiteTeamCountry "GER"]
[BlackTeamCountry "GER"]

1. e4 c5 2. Nf3 d6 3. d4 cxd4 4. Nxd4 Nf6 5. Nc3 a6 6. Bc4 e6 7. Bb3 Nbd7 8. f4 Nc5 9. f5 Be7 10. Qf3 0-0 11. 0-0 e5 12. Nde2 b5 13. Bg5 Nxb3 14. axb3 Bb7 15. Bxf6 Bxf6 16. Ng3 Rc8 17. Rf2 Qb6 18. Kh1 b4 19. Nd5 Bxd5 20. exd5 Bh4 21. f6 Bxf6 22. Raf1 Bh4 23. Qg4 Bxg3 24. Rxf7 1-0